| 000 | 00382pab a2200121 454500 | ||
|---|---|---|---|
| 008 | 180718b xxu||||| |||| 00| 0 eng d | ||
| 100 | _aHanumantharao, C.H. | ||
| 245 | _aIntegrating poverty alleviation programmes with development strategies: Indian experience | ||
| 650 | _a Poverty Alleviation | ||
| 650 | _aPoverty - India | ||
| 773 | _aEconomic and Political Weekly | ||
| 909 | _a23862 | ||
| 999 |
_c23862 _d23862 |
||